| 000 | 00677nam a22002057a 4500 | ||
|---|---|---|---|
| 999 |
_c11925 _d11925 |
||
| 003 | AR-CdUCM | ||
| 008 | 190405b ||||| |||| 00| 0 spa d | ||
| 040 |
_aMUNICIPALIDAD PROVINCIAL DEL CUSCO _cBIBLIOTECA MUNICIPAL DEL CUSCO |
||
| 082 |
_a348.81 / _bL68 / 1913 |
||
| 245 |
_aLey de accidentes del trabajo : _bReglamentada / |
||
| 260 |
_aLima : _bImpr. Acción Popular, _c1913. |
||
| 300 |
_a60 paginas ; _c16 cm. |
||
| 500 | _aEdición oficial | ||
| 505 | _aContenido :Ley reglamentada de accidentes del trabajo / | ||
| 650 |
_aAccidentes de trabajo _929545 |
||
| 650 |
_aLegislación _92962 |
||
| 650 |
_aPerú _935 |
||
| 942 |
_2ddc _cLIBROS |
||
| 945 |
_arjall _d2019-04-05 |
||